|
|
|
|
| LEADER |
00733nab#a2200289#ar4500 |
| 001 |
000042621 |
| 003 |
SVKKK |
| 005 |
00000000000000.0 |
| 008 |
c xo e sloo |
| FMT |
|
|
|
| 038 |
|
|
|a SVKKK
|
| 040 |
|
|
|a SVKKK
|b slo
|e AACR2
|
| 041 |
0 |
|
|a slo
|
| 044 |
|
|
|a xo
|c SK
|
| 080 |
|
|
|a 616-08
|2 1981
|
| 245 |
0 |
0 |
|a Nová veľká nádej - glukánové preparáty
|
| 300 |
|
|
|b Obr. 2
|
| 650 |
0 |
4 |
|a preparáty glukánové
|x výroba
|
| 650 |
0 |
4 |
|a prevencia chorôb
|z Dimenzia, s.r.o., Kežmarok
|x produkcia
|x rozhovory
|
| 773 |
0 |
|
|t Roľnícke novinky
|g Roč. 8, č. 50-51(1998), s. 62
|
| 957 |
|
|
|a Kežmarok
|
| 958 |
|
|
|a KK
|
| 974 |
|
|
|d 990407
|a Šá
|
| 992 |
|
|
|a RBX
|
| BAS |
|
|
|
| 852 |
|
|
|a SVKKK
|b BIB
|
| 998 |
|
|
|a REG
|